[Event "FIRST SATURDAY IM  JUNE 2013"]
[Site "Budapest"]
[Date "2013.06.07"]
[Round "6.1"]
[White "Szeberenyi, Adam"]
[Black "Li, Bo"]
[Result "0-1"]
[WhiteElo "2309"]
[BlackElo "2307"]
[PlyCount "113"]
[EventDate "2013.06.01"]

1. d4 Nf6 2. c4 c5 3. d5 b5 4. cxb5 a6 5. bxa6 Bxa6 6. Nc3 d6 7. Nf3 g6 8. g3
Bg7 9. Bg2 Nbd7 10. O-O O-O 11. Re1 Ng4 12. Bd2 Qb6 13. h3 Nge5 14. Nxe5 Nxe5
15. b3 Rfb8 16. Rb1 Bc8 17. a4 Bf5 18. e4 Bd7 19. Bf1 c4 20. Nb5 Bxb5 21. axb5
Qd4 22. Be3 Qxe4 23. Bg2 Qd3 24. f4 Qxd1 25. Rexd1 c3 26. Rbc1 Nd7 27. Bd4 Rxb5
28. Rxc3 Nc5 29. Bxg7 Kxg7 30. Re1 Ra7 31. Rce3 Rxb3 32. Rxe7 Rxe7 33. Rxe7
Rxg3 34. Rc7 Rb3 35. Rc6 Nd3 36. f5 Nf4 37. Bf1 Nxh3+ 38. Bxh3 Rxh3 39. Rxd6
Rf3 40. fxg6 hxg6 41. Rd8 Kf6 42. d6 Ke6 43. Kg2 Rf5 44. Kg3 Rd5 45. Re8+ Kxd6
46. Kf4 Rf5+ 47. Kg4 Re5 48. Ra8 Ke7 49. Ra6 Re6 50. Ra3 Kf6 51. Kf4 Kg7 52.
Ra1 Re7 53. Kg3 f5 54. Kf3 Kf6 55. Ra6+ Kg5 56. Ra5 Rb7 57. Kg3 0-1

[Event "FIRST SATURDAY IM  JUNE 2013"]
[Site "Budapest"]
[Date "2013.06.07"]
[Round "6.2"]
[White "Sisatto, Olli"]
[Black "To, Nhat Minh"]
[Result "1/2-1/2"]
[WhiteElo "2274"]
[BlackElo "2302"]
[PlyCount "138"]
[EventDate "2013.06.01"]

1. Nf3 Nf6 2. c4 g6 3. Nc3 Bg7 4. d4 d5 5. e3 O-O 6. cxd5 Nxd5 7. Bc4 Nb6 8.
Bb3 c5 9. O-O cxd4 10. exd4 Nc6 11. d5 Na5 12. Bg5 Bxc3 13. bxc3 Nxb3 14. Qxb3
Qxd5 15. Bxe7 Re8 16. Bf6 Be6 17. Nd4 Rac8 18. Nxe6 Rxe6 19. Bd4 Nc4 20. Rfe1
Rce8 21. Rxe6 Qxe6 22. h4 b6 23. h5 gxh5 24. Qb5 f5 25. Rd1 Nd6 26. Qc6 Ne4 27.
Qc7 Qe7 28. Qc6 Qe6 29. Qa4 Re7 30. Re1 Kf7 31. Re3 Qd7 32. Qc4+ Re6 33. a4 Kg6
34. Rd3 Qc6 35. Qa2 Ng5 36. Be3 h6 37. a5 h4 38. axb6 axb6 39. Qd5 Qxd5 40.
Rxd5 Ne4 41. Rb5 Nxc3 42. Rxb6 Rxb6 43. Bxb6 Kh5 44. Kh2 Nd5 45. Bd8 Nf4 46.
Bf6 Nd3 47. f3 Nf4 48. Be7 Ne6 49. Bf6 Ng5 50. Be7 Kg6 51. Bd8 Kf7 52. Kg1 Ke8
53. Bf6 Kf7 54. Bd8 Ke6 55. f4 Nf7 56. Bxh4 Kd5 57. g3 Ke4 58. Kg2 Nd6 59. Be7
Nc4 60. Bf8 Ne3+ 61. Kf2 Ng4+ 62. Ke2 h5 63. Be7 Ne3 64. Bd8 Nd5 65. Bg5 Nc7
66. Be7 Ne6 67. Bf6 Nc5 68. Be7 Nd3 69. Bg5 Nc5 1/2-1/2

[Event "FIRST SATURDAY IM  JUNE 2013"]
[Site "Budapest"]
[Date "2013.06.07"]
[Round "6.4"]
[White "Lyell, Mark"]
[Black "Kantor, Gergely"]
[Result "0-1"]
[WhiteElo "2238"]
[BlackElo "2352"]
[PlyCount "84"]
[EventDate "2013.06.01"]

1. e4 c5 2. Nc3 d6 3. f4 g6 4. Nf3 Bg7 5. Bc4 Nc6 6. O-O e6 7. d3 Nge7 8. Qe1
O-O 9. Bb3 Na5 10. Kh1 Nxb3 11. axb3 f5 12. e5 Nc6 13. Nb5 dxe5 14. fxe5 h6 15.
Bd2 g5 16. Bc3 Bd7 17. Nd6 Qc7 18. Rf2 Ne7 19. b4 g4 20. Ng1 cxb4 21. Bxb4 Bc6
22. Ne2 Ng6 23. Nf4 Nxf4 24. Rxf4 Kh7 25. c4 h5 26. Qh4 Kg6 27. d4 Bh6 28. Rff1
Qb6 29. Bc3 Bg5 30. Qe1 h4 31. Rd1 h3 32. d5 hxg2+ 33. Kxg2 Ba4 34. Rd3 Rh8 35.
Qb1 Rh5 36. Bd4 Qc7 37. Bg1 Bd7 38. Rb3 b5 39. Nxf5 exf5 40. e6 Bxe6 41. dxe6
Qc6+ 42. Kf2 bxc4 0-1

[Event "FIRST SATURDAY IM  JUNE 2013"]
[Site "Budapest"]
[Date "2013.06.07"]
[Round "6.5"]
[White "Sean, Winshand Cuhendi"]
[Black "Torma, Robert"]
[Result "0-1"]
[WhiteElo "2186"]
[BlackElo "2392"]
[PlyCount "62"]
[EventDate "2013.06.01"]

1. d4 f5 2. Nf3 e6 3. Bf4 Nf6 4. e3 d6 5. h3 Nc6 6. c4 Qe7 7. Nc3 g6 8. Be2 Bg7
9. Bh2 O-O 10. O-O b6 11. d5 Nd8 12. dxe6 Nxe6 13. Nd4 Bb7 14. Rc1 a5 15. Bf3
Ne4 16. Nxe6 Nxc3 17. Rxc3 Bxf3 18. Qxf3 Qxe6 19. Rc2 Qe4 20. Qxe4 fxe4 21. a4
Rf5 22. b3 Raf8 23. Rd1 Kf7 24. Rd5 Ke6 25. Rxf5 Rxf5 26. Kf1 Kd7 27. Bf4 Kc6
28. Ke2 Kc5 29. Rc1 Kb4 30. Rb1 Kc3 31. g4 Rf7 0-1

[Event "FIRST SATURDAY IM  JUNE 2013"]
[Site "Budapest"]
[Date "2013.06.08"]
[Round "7.1"]
[White "Torma, Robert"]
[Black "Szeberenyi, Adam"]
[Result "0-1"]
[WhiteElo "2392"]
[BlackElo "2309"]
[PlyCount "54"]
[EventDate "2013.06.01"]

1. e4 c5 2. c3 d5 3. exd5 Qxd5 4. d4 Nf6 5. Nf3 Bg4 6. Be2 e6 7. h3 Bh5 8. c4
Qd8 9. Qb3 Qc8 10. d5 exd5 11. cxd5 Be7 12. Bf4 O-O 13. d6 Bd8 14. O-O Nc6 15.
Na3 Re8 16. Rfe1 Ba5 17. Nb5 Bxe1 18. Rxe1 Qf5 19. Be3 Bxf3 20. Bxf3 Nd4 21.
Qc4 Nxf3+ 22. gxf3 Qxf3 23. Nc7 Re4 24. Qxe4 Nxe4 25. Nxa8 Qxh3 26. Bxc5 Qg4+
27. Kh1 h5 0-1

[Event "FIRST SATURDAY IM  JUNE 2013"]
[Site "Budapest"]
[Date "2013.06.08"]
[Round "7.2"]
[White "Kantor, Gergely"]
[Black "Sean, Winshand Cuhendi"]
[Result "1/2-1/2"]
[WhiteElo "2352"]
[BlackElo "2186"]
[PlyCount "53"]
[EventDate "2013.06.01"]

1. d4 d5 2. c4 Nc6 3. Nc3 dxc4 4. Nf3 Nf6 5. Bg5 h6 6. Bh4 e6 7. e3 Be7 8. Bxc4
a6 9. a3 O-O 10. O-O b5 11. Bd3 Bb7 12. Bc2 b4 13. Qd3 g6 14. Bxf6 Bxf6 15. Ne4
Be7 16. Ba4 Qd5 17. Bb3 Qf5 18. Nc5 Qxd3 19. Nxd3 Na5 20. Bd1 bxa3 21. bxa3 Be4
22. Be2 Rab8 23. Nd2 Bxd3 24. Bxd3 Nb3 25. Nxb3 Rxb3 26. Bxa6 Ra8 27. Bc4
1/2-1/2

[Event "FIRST SATURDAY IM  JUNE 2013"]
[Site "Budapest"]
[Date "2013.06.08"]
[Round "7.3"]
[White "Korpa, Bence"]
[Black "Lyell, Mark"]
[Result "0-1"]
[WhiteElo "2357"]
[BlackElo "2238"]
[PlyCount "78"]
[EventDate "2013.06.01"]

1. e4 g6 2. d4 Bg7 3. Nc3 d6 4. g3 Nc6 5. d5 Ne5 6. f4 Nd7 7. Bg2 c6 8. Be3
cxd5 9. exd5 Nh6 10. Nge2 Nf5 11. Bf2 Nf6 12. h3 h5 13. O-O Bd7 14. Nd4 Qc8 15.
Kh2 a6 16. Nce2 Qc4 17. b3 Qc7 18. Nxf5 Bxf5 19. Nd4 Qc3 20. Nxf5 gxf5 21. Qe2
h4 22. gxh4 Nh5 23. Rae1 Bf6 24. Qe3 Rc8 25. Re2 Qxe3 26. Bxe3 Bxh4 27. Rd2 Rg8
28. c4 Kd7 29. Bf2 Bf6 30. Be3 Rg6 31. Bf3 Rh8 32. Rg2 Rgh6 33. Be2 Nxf4 34.
Rxf4 Rxh3+ 35. Kg1 Rxe3 36. Kf2 Rc3 37. Rxf5 Rh1 38. Rg4 Rh2+ 39. Rg2 Bd4+ 0-1

[Event "FIRST SATURDAY IM  JUNE 2013"]
[Site "Budapest"]
[Date "2013.06.08"]
[Round "7.4"]
[White "To, Nhat Minh"]
[Black "Farago, Sandor"]
[Result "1/2-1/2"]
[WhiteElo "2302"]
[BlackElo "2277"]
[PlyCount "36"]
[EventDate "2013.06.01"]

1. d4 e6 2. c4 Bb4+ 3. Nc3 Nf6 4. Qc2 O-O 5. a3 Bxc3+ 6. Qxc3 d5 7. Nf3 dxc4 8.
Qxc4 b6 9. Bg5 Ba6 10. Qa4 c5 11. dxc5 bxc5 12. Rd1 Qb6 13. Bxf6 gxf6 14. Rd2
Nc6 15. Qg4+ Kh8 16. Qh4 Kg7 17. Qg4+ Kh8 18. Qh4 Kg7 1/2-1/2

[Event "FIRST SATURDAY IM  JUNE 2013"]
[Site "Budapest"]
[Date "2013.06.09"]
[Round "8.1"]
[White "Szeberenyi, Adam"]
[Black "Sisatto, Olli"]
[Result "1/2-1/2"]
[WhiteElo "2309"]
[BlackElo "2274"]
[PlyCount "81"]
[EventDate "2013.06.01"]

1. d4 d5 2. c4 dxc4 3. Nf3 Nf6 4. e3 Bg4 5. Bxc4 e6 6. Nc3 Nc6 7. O-O Bd6 8.
Be2 O-O 9. Qb3 Rb8 10. Rd1 Qe7 11. Bd2 e5 12. dxe5 Nxe5 13. Nd4 Bxe2 14. Ncxe2
Ne4 15. f3 Nxd2 16. Rxd2 Bc5 17. Nf5 Qg5 18. Neg3 b6 19. Qc3 Qf6 20. Rad1 g6
21. f4 gxf5 22. fxe5 Qg5 23. Rd7 Qxe3+ 24. Qxe3 Bxe3+ 25. Kf1 Rbe8 26. Nxf5
Rxe5 27. Nxe3 Rxe3 28. Rxc7 Rfe8 29. Rdd7 Re1+ 30. Kf2 R1e2+ 31. Kf3 Rxb2 32.
Rxa7 Ree2 33. g3 Rxh2 34. a4 Rb3+ 35. Ke4 Rf2 36. Rd6 Rg2 37. Rf6 Rgxg3 38.
Rfxf7 Rb4+ 39. Kd5 Rxa4 40. Rxh7 Rg5+ 41. Kc6 1/2-1/2

[Event "FIRST SATURDAY IM  JUNE 2013"]
[Site "Budapest"]
[Date "2013.06.09"]
[Round "8.2"]
[White "Farago, Sandor"]
[Black "Li, Bo"]
[Result "1/2-1/2"]
[WhiteElo "2277"]
[BlackElo "2307"]
[PlyCount "154"]
[EventDate "2013.06.01"]

1. e4 c5 2. Nf3 e6 3. d4 cxd4 4. Nxd4 a6 5. Nc3 Qc7 6. Bd3 Nf6 7. h3 b5 8. Qe2
d6 9. Bd2 Nbd7 10. a4 b4 11. Na2 Qb6 12. Nb3 a5 13. Be3 Qb8 14. Nac1 Bb7 15.
Nd2 Be7 16. Ncb3 O-O 17. f4 e5 18. O-O d5 19. Bb5 dxe4 20. Nc4 Qc7 21. fxe5
Nxe5 22. Bb6 Qb8 23. Nbxa5 Bd5 24. Bd4 Nxc4 25. Nxc4 Qg3 26. Qe3 Qxe3+ 27. Nxe3
Be6 28. Nf5 Bxf5 29. Rxf5 Rfd8 30. c3 Rab8 31. Be2 Nd7 32. a5 Nf8 33. a6 Ne6
34. Be3 g6 35. Rfa5 bxc3 36. bxc3 Bf6 37. a7 Ra8 38. R1a3 Rdc8 39. Ba6 Rc7 40.
Rb3 Rcxa7 41. Bxa7 Rxa7 42. Kf1 Nc7 43. c4 Bd4 44. Rba3 Nxa6 45. Rxa6 Rb7 46.
Ra2 Rb1+ 47. Ke2 Rc1 48. g4 Kg7 49. Rc6 Rh1 50. Rd2 Rh2+ 51. Kd1 Rh1+ 52. Kc2
e3 53. Re2 Rxh3 54. Kd3 Ba7 55. c5 Rg3 56. Rxe3 Rxg4 57. Re8 h5 58. Rc7 Ra4 59.
Ree7 Bb8 60. Rxf7+ Kh6 61. Rce7 Ra6 62. Kc4 h4 63. Kb5 Ra1 64. c6 Bg3 65. c7
Rb1+ 66. Kc6 Rc1+ 67. Kb7 Rb1+ 68. Kc8 Kh5 69. Kd8 Rd1+ 70. Rd7 Rxd7+ 71. Kxd7
Bxc7 72. Kxc7 Kg4 73. Kd6 h3 74. Ke5 h2 75. Rh7 Kg3 76. Kf6 Kg2 77. Kxg6 h1=Q
1/2-1/2

[Event "FIRST SATURDAY IM  JUNE 2013"]
[Site "Budapest"]
[Date "2013.06.09"]
[Round "8.3"]
[White "Lyell, Mark"]
[Black "To, Nhat Minh"]
[Result "1/2-1/2"]
[WhiteElo "2238"]
[BlackElo "2302"]
[PlyCount "75"]
[EventDate "2013.06.01"]

1. e4 e5 2. Nf3 Nc6 3. Bc4 Bc5 4. b4 Bxb4 5. c3 Ba5 6. d4 exd4 7. Qb3 Qf6 8.
O-O Nge7 9. cxd4 Bb6 10. e5 Qf5 11. Bd3 Qh5 12. Nc3 Nxd4 13. Nxd4 Bxd4 14. Ba3
Bxe5 15. f4 Bf6 16. Rae1 Kd8 17. Ne4 Bd4+ 18. Kh1 d6 19. Ng3 Qd5 20. Bc4 Qa5
21. Bxf7 Qc3 22. Qd1 Nf5 23. Bb3 Ne3 24. Rxe3 Bxe3 25. Bxd6 cxd6 26. Qxd6+ Bd7
27. Rd1 Qc7 28. Qd3 Re8 29. Nf5 Bxf4 30. Ba4 Re7 31. Nxe7 Kxe7 32. Bxd7 Rd8 33.
Re1+ Kf8 34. Qf5+ Kg8 35. Qe6+ Kf8 36. Qf5+ Kg8 37. Qe6+ Kf8 38. Qf5+ 1/2-1/2

[Event "FIRST SATURDAY IM  JUNE 2013"]
[Site "Budapest"]
[Date "2013.06.09"]
[Round "8.4"]
[White "Sean, Winshand Cuhendi"]
[Black "Korpa, Bence"]
[Result "1-0"]
[WhiteElo "2186"]
[BlackElo "2357"]
[PlyCount "135"]
[EventDate "2013.06.01"]

1. d4 d5 2. Bf4 Nf6 3. e3 c5 4. c3 Nc6 5. Nd2 Bf5 6. Qb3 Qc8 7. Ngf3 c4 8. Qd1
Nh5 9. Bg5 h6 10. Bh4 g5 11. Ne5 Nxe5 12. dxe5 Bg7 13. h3 Bg6 14. Be2 gxh4 15.
Bxh5 Bxe5 16. Bxg6 fxg6 17. Nf3 Qe6 18. Nxh4 O-O 19. Qg4 Qxg4 20. hxg4 Kg7 21.
Nf3 Bc7 22. Rd1 Rad8 23. g5 h5 24. Nd4 Kf7 25. Rh3 e6 26. g4 e5 27. Nb5 Bb8 28.
gxh5 gxh5 29. Rxh5 Kg6 30. Rh3 Kxg5 31. Ke2 Kf6 32. Na3 e4 33. Rh7 b6 34. Nb5
Rf7 35. Rh6+ Kg7 36. Rh5 Rdf8 37. Rg1+ Kf6 38. Rg2 Ke6 39. Nd4+ Kd6 40. Ke1 a6
41. Rgg5 Rf6 42. Rxd5+ Kc7 43. Rdf5 Rxf5 44. Nxf5 Kd7 45. Nd4 Rg8 46. Kf1 Re8
47. Rh7+ Kc8 48. Nc6 Bd6 49. Ke2 Bc5 50. Ra7 b5 51. Ra8+ Kd7 52. Rxa6 Kc7 53.
Na5 Bb6 54. a4 Re5 55. axb5 Bxa5 56. Rxa5 Kb6 57. Ra8 Kxb5 58. Rb8+ Kc5 59.
Rc8+ Kd5 60. Rd8+ Kc5 61. f3 exf3+ 62. Kxf3 Rf5+ 63. Ke4 Rf7 64. Rc8+ Kb5 65.
Kd5 Rd7+ 66. Ke6 Rd2 67. e4 Rh2 68. e5 1-0

[Event "FIRST SATURDAY IM  JUNE 2013"]
[Site "Budapest"]
[Date "2013.06.09"]
[Round "8.5"]
[White "Torma, Robert"]
[Black "Kantor, Gergely"]
[Result "1/2-1/2"]
[WhiteElo "2392"]
[BlackElo "2352"]
[PlyCount "50"]
[EventDate "2013.06.01"]

1. e4 c5 2. c3 Nf6 3. e5 Nd5 4. d4 cxd4 5. cxd4 d6 6. Bc4 Nb6 7. Bb5+ Nc6 8.
Nf3 dxe5 9. Nxe5 Bd7 10. Nxd7 Qxd7 11. Nc3 e6 12. O-O Rd8 13. Qh5 Be7 14. Rd1
O-O 15. Rd3 g6 16. Qh6 f5 17. Bg5 Bxg5 18. Qxg5 a6 19. Bxc6 Qxc6 20. Re1 Nc4
21. b3 Nb2 22. Rde3 Rxd4 23. Rxe6 Qxc3 24. Rxg6+ hxg6 25. Qxg6+ Kh8 1/2-1/2

[Event "FIRST SATURDAY IM  JUNE 2013"]
[Site "Budapest"]
[Date "2013.06.10"]
[Round "9.1"]
[White "Kantor, Gergely"]
[Black "Szeberenyi, Adam"]
[Result "1/2-1/2"]
[WhiteElo "2352"]
[BlackElo "2309"]
[PlyCount "29"]
[EventDate "2013.06.01"]

1. d4 Nf6 2. c4 g6 3. Nc3 d5 4. Nf3 Bg7 5. cxd5 Nxd5 6. e4 Nxc3 7. bxc3 c5 8.
Rb1 O-O 9. Be2 cxd4 10. cxd4 Qa5+ 11. Qd2 Qxd2+ 12. Bxd2 b6 13. Rc1 Bb7 14. Bd3
Nc6 15. Ke2 1/2-1/2

[Event "FIRST SATURDAY IM  JUNE 2013"]
[Site "Budapest"]
[Date "2013.06.10"]
[Round "9.2"]
[White "Korpa, Bence"]
[Black "Torma, Robert"]
[Result "1/2-1/2"]
[WhiteElo "2357"]
[BlackElo "2392"]
[PlyCount "129"]
[EventDate "2013.06.01"]

1. Nf3 f5 2. d4 Nf6 3. g3 e6 4. Bg2 Be7 5. O-O O-O 6. c4 d6 7. b3 Ne4 8. Nc3
Nc6 9. Bb2 Bf6 10. Nxe4 fxe4 11. Ne1 d5 12. e3 Ne7 13. f3 exf3 14. Nxf3 b6 15.
Qe2 Bb7 16. Rad1 Qd6 17. Ne5 Bxe5 18. dxe5 Rxf1+ 19. Rxf1 Qd7 20. cxd5 Bxd5 21.
e4 Bb7 22. Rd1 Qc6 23. Rc1 Qd7 24. Qc4 Rd8 25. Qxc7 Qxc7 26. Rxc7 Rd1+ 27. Kf2
Rd2+ 28. Kf3 Rxb2 29. Rxb7 Nc6 30. Bh3 Kf8 31. Ke3 Rxh2 32. Bxe6 Nd8 33. Rb8
Ke7 34. Bg8 Rg2 35. Kf3 Rxa2 36. Bxh7 Rc2 37. Bg8 Ne6 38. Bxe6 Kxe6 39. Re8+
Kf7 40. Ra8 Rc3+ 41. Kf4 g5+ 42. Kf5 Rf3+ 43. Kxg5 Rxg3+ 44. Kf4 Rxb3 45. Rxa7+
Ke6 46. Rh7 Rb1 47. Rh6+ Ke7 48. e6 Kd6 49. e7+ Kxe7 50. Kf5 Rf1+ 51. Ke5 b5
52. Rb6 Rh1 53. Rb7+ Ke8 54. Kd5 Rh6 55. Rxb5 Ke7 56. Rb7+ Ke8 57. Rg7 Ra6 58.
Rc7 Rh6 59. e5 Ra6 60. Ke4 Rh6 61. Kf5 Ra6 62. e6 Ra1 63. Kf6 Rf1+ 64. Ke5 Re1+
65. Kf6 1/2-1/2

[Event "FIRST SATURDAY IM  JUNE 2013"]
[Site "Budapest"]
[Date "2013.06.10"]
[Round "9.3"]
[White "To, Nhat Minh"]
[Black "Sean, Winshand Cuhendi"]
[Result "1/2-1/2"]
[WhiteElo "2302"]
[BlackElo "2186"]
[PlyCount "95"]
[EventDate "2013.06.01"]

1. d4 d5 2. c4 Nc6 3. Nc3 dxc4 4. Nf3 Nf6 5. d5 Na5 6. Qa4+ c6 7. b4 b5 8. Qxa5
Qxa5 9. bxa5 b4 10. Nd1 cxd5 11. g3 e6 12. Be3 Bd6 13. Bf4 Ke7 14. Bxd6+ Kxd6
15. a3 b3 16. Nc3 Bb7 17. O-O-O Ng4 18. Ng5 Nxf2 19. Nxf7+ Kc5 20. Nxh8 Nxd1
21. Nxd1 d4 22. Rg1 Rxh8 23. Bg2 Rb8 24. Bxb7 Rxb7 25. Rf1 Kb5 26. Rf4 e5 27.
Re4 c3 28. Rxe5+ Ka4 29. Rd5 b2+ 30. Nxb2+ cxb2+ 31. Kb1 Kxa3 32. Rxd4 a6 33.
Rd6 Rb5 34. Rb6 Rxa5 35. e4 g6 36. Rxb2 Re5 37. Rb7 h5 38. Rb6 g5 39. Kc2 Rxe4
40. Rxa6+ Kb4 41. Kd3 Re5 42. Ra2 Kc5 43. Ra6 Kd5 44. Rh6 g4 45. Rh8 Rf5 46.
Rd8+ Ke5 47. Re8+ Kd5 48. Rd8+ 1/2-1/2

[Event "FIRST SATURDAY IM  JUNE 2013"]
[Site "Budapest"]
[Date "2013.06.10"]
[Round "9.4"]
[White "Li, Bo"]
[Black "Lyell, Mark"]
[Result "1-0"]
[WhiteElo "2307"]
[BlackElo "2238"]
[PlyCount "83"]
[EventDate "2013.06.01"]

1. d4 e6 2. Nf3 f5 3. g3 Nf6 4. Bg2 Be7 5. O-O O-O 6. c4 d6 7. Nc3 a5 8. Qc2
Nc6 9. a3 e5 10. d5 Nb8 11. b3 Qe8 12. Nb5 Na6 13. Bd2 Qh5 14. Bxa5 f4 15. Bxc7
Bf5 16. Qb2 Nxc7 17. Nxc7 Bh3 18. Nxa8 Bxg2 19. Kxg2 e4 20. Nc7 Ng4 21. h3 fxg3
22. Ne6 Bf6 23. Qc2 exf3+ 24. exf3 Nxf2 25. Rxf2 gxf2 26. Rf1 Rf7 27. Qe4 Bh4
28. Qg4 Qh6 29. f4 Qf6 30. a4 h6 31. f5 Qe7 32. a5 Qf6 33. b4 Re7 34. b5 Bg5
35. Rxf2 Be3 36. Re2 Bc1 37. Rf2 Bb2 38. Qg6 Bc3 39. Qxf6 gxf6 40. a6 bxa6 41.
bxa6 Ra7 42. Ra2 1-0